| 000 | 00730nam a2200277 4500 | ||
|---|---|---|---|
| 999 |
_c5354 _d5354 |
||
| 001 | 1201449 | ||
| 003 | OSt | ||
| 005 | 20190103153135.0 | ||
| 008 | 750121s1974 enk b 00110 eng | ||
| 010 | _a74196296 | ||
| 015 | _aGB74-25720 | ||
| 020 | _a0140217835 : | ||
| 040 |
_aDLC _cDLC _dCIN |
||
| 043 | _ae-gr--- | ||
| 050 | 0 |
_aBL782 _b.K57 |
|
| 082 |
_a292.13 _bK59N |
||
| 100 | 1 | 0 |
_aKirk, G. S. _q(Geoffrey Stephen), _d1921- |
| 245 | 1 | 4 |
_aThe nature of Greek myths / _cG. S. Kirk |
| 260 | 0 |
_aHarmondsworth : _bPenguin, _c1974, 1976 printing |
|
| 300 |
_a332 p. ; _c19 cm |
||
| 490 | 0 | _aPelican book | |
| 500 | _aIncludes index | ||
| 504 | _aBibliography: p. [305]-306 | ||
| 650 | 0 | _aMythology, Greek | |
| 942 |
_2ddc _cBK |
||